Doksan beş yıldan serpintiler (Record no. 13009)

MARC details
000 -BAŞLIK
Sabit Uzunlukta Kontrol Alanı 00807nam a22002417a 4500
999 ## - SİSTEM KONTROL NUMARALARI (KOHA)
Koha Biblionumber 13009
Koha Biblioitemnumber 13009
003 - KONTROL NUMARASI IDENTIFIER
Denetim Alanı MIRAKIL
005 - SON İŞLEM TARİHİ VE ZAMANI
Denetim Alanı 20190321171556.0
008 - SABİT-BOY VERİ ELEMANLARI - GENEL BİLGİLER
Sabit Uzunlukta Kontrol Alanı 190218b tu ||||| |||| 00| 0 tur d
020 ## - ULUSLARARASI STANDART KİTAP NUMARASI
Uluslararası Standart Kitap Numarası 9786053324430
040 ## - KATALOGLAMA KAYNAK
Orijinal Kataloglama Ajansı TR-AnCHP
Metne Dönüştürmek Ajansı TR-AnCHP
041 ## - DİL KODU
Metin / Ses Parça Veya Ayrı Başlığın Dil Kodu tur
082 ## - DEWEY ONLU SINIFLANDIRMA NUMARASI
Sınıflandırma Numarası 920.5 Boysan,A.
Ürün Numarası B69d 2015
100 ## - ANA GİRİŞ - KİŞİSEL İSİM
Kişisel Ad Boysan, Aydın
Bir Adıyla İlişkilendirilen Tarihler 1921 - 2018
245 ## - BAŞLIK TABLOSU
Başlık Doksan beş yıldan serpintiler
Sorumluluk Tablosu, Vb Aydın Boysan ; editör Ali Alkan İnal
260 ## - YAYIN, DAĞITIM, VB
Yayın, Dağıtım, Vb Yeri İstanbul:
Yayıncı, Dağıtıcı, Vs Adı Türkiye İş Bankası Kültür yayınları,
Yayın, Dağıtım, Vb Tarihi 2015.
300 ## - FİZİKSEL TANIM
Kapsam 266 s.
Diğer Fiziksel Ayrıntıları fotg.
Boyutlar 20 sm.
440 ## - SERİSİ TABLOSU / KATMA GİRİŞİ - BAŞLIK
Başlık Türkiye İş Bankası Kültür Yayınları Genel yayın
Hacim / Ardışık Tanımı 3293.
600 ## - KONU KATMA GİRİŞ - KURUMSAL ADI
Kişisel Ad Boysan, Aydın
Bir Adıyla İlişkilendirilen Tarihler 1921
Genel Alt Bölümü Anılar
650 ## - KONU KATMA GİRİŞ - TOPİKAL DÖNEM
Topikal Süreli Veya Coğrafi Ad Giriş Elemanı Gazeteciler
Coğrafi Alt Bölümü Türkiye
Genel Alt Bölümü yaşamöyküsü
700 ## - KATMA GİRİŞ - KİŞİSEL İSİM
9 (RLIN) 5535
Kişisel Ad İnal, Ali Alkan
Relator Terim ed.
942 ## - EKLENDİ GİRİŞ ELEMANLARI (KOHA)
Sınıflandırma Veya Raf Düzeni Kaynak Dewey Decimal Classification
Koha Öğesi Türü Books
999 ## - SİSTEM KONTROL NUMARALARI (KOHA)
Koha Biblioitemnumber 2264
Holdings
Kalıcı Konum Mevcut Konum Edinme Tarihi Toplam Check-Out'Lar Tam Çağrı Numarası Barkod Tarih Son Görülme İtibaren Geçerli Fiyatlar Koha Öğesi Türü
CHP Kütüphanesi CHP Kütüphanesi 03/21/2019   920.5 Boysan,A. B69d 2015 019067 03/21/2019 03/21/2019 Books